header

Civilizations in desert lands (Record no. 76603)

MARC details
000 -LEADER
fixed length control field 01423nam a2200337 a 4500
245 00 - TITLE STATEMENT
Title Civilizations in desert lands
260 ## - PUBLICATION, DISTRIBUTION, ETC. (IMPRINT)
Place of publication Salt Lake City :
Name of publisher University of Utah Press,
Year of publication 1962.
300 ## - PHYSICAL DESCRIPTION
Number of Pages vi, 88 p. :
Other physical details ill.
490 1# - SERIES STATEMENT
Series statement University of Utah. Dept. of Anthropology. Anthropological papers ;
650 #0 - SUBJECT ADDED ENTRY--TOPICAL TERM
Topical Term Human geography.
Topical Term Human ecology.
Topical Term Deserts.
700 1# - ADDED ENTRY--PERSONAL NAME
Personal name Woodbury, Richard B.
Personal name Aschmann, Homer,
856 40 - ELECTRONIC LOCATION AND ACCESS
Uniform Resource Identifier http://site.ebrary.com/lib/rucke/Doc?id=10294432

No items available.

© 2026 Rongo University
Contact us: librarian | system librarian | Rongo university